Mochovce a ich bezpečnosť

Program zvyšovania bezpečnosti jadrovej elektrárne v Mochovciach (JEMO). Organizácia dostavby JEMO 1,2. Tlaková nádoba reaktora. Predprevádzková bezpečnostná správa.

Enregistré dans:
Détails bibliographiques
Auteur principal: Lipár, Miroslav
Format: Chapitre de livre
Langue:slovaque
Sujets:
Tags: Ajouter un tag
Pas de tags, Soyez le premier à ajouter un tag!

MARC

LEADER 00000naa a2200000 4500
001 r032264
005 20230825081133.3
041 0 |a slo 
044 |a SK 
245 1 0 |a Mochovce a ich bezpečnosť  |c Miroslav Lipár 
520 |a Program zvyšovania bezpečnosti jadrovej elektrárne v Mochovciach (JEMO). Organizácia dostavby JEMO 1,2. Tlaková nádoba reaktora. Predprevádzková bezpečnostná správa. 
610 2 0 |a elektrárne 
610 2 0 |a projekty 
610 2 0 |a energia atómová 
610 2 0 |a reaktory 
610 2 0 |a JEMO 
610 2 0 |a bezpečnosť jadrová 
610 2 0 |a Mochovce 
100 1 |a Lipár, Miroslav